000 00427nam a2200181Ia 4500
001 2435
005 20260306144806.0
008 260306t2012||||xx |||||||||||||| ||spa||
041 _aESP
082 _a616.89
_bR35
100 _aRegier, Darrel A.
_eAUT
245 0 _aDSM-5. Evolución conceptual
260 _c2012
300 _axxix, 334 páginas :
_c24 cm.
650 _aGEN
654 _aCPS
942 _cLIB
_dJUS
_fJUS
_2ddc
_n
999 _c2435
_d2435